000
00390nam a22001697a 4500
003
MPLRDC
005
20220104114524.0
008
210129b ||||| |||| 00| 0 eng d
082
_a
857.63 GL-2
100
_a
高旅
245
_a
困
_c
250
_a
再版
260
_a
_b
上海书局有限公司
_c
1976
300
_b
平
650
_a
短篇小说--别集
942
_c
BK
_o
857.63 GL-2
999
_c
8139
_d
8129